El niño
I tiakina i:
| Ngā kaituhi matua: | , |
|---|---|
| Hōputu: | Pukapuka |
| Reo: | Pāniora |
| I whakaputaina: |
Santiago
Zig-Zag
1960
|
| Ngā marau: | |
| Ngā Tūtohu: |
Tāpirihia he Tūtohu
Kāore He Tūtohu, Me noho koe te mea tuatahi ki te tūtohu i tēnei pūkete!
|
MARC
| LEADER | 00000nam a2200000 a 4500 | ||
|---|---|---|---|
| 001 | UCU0100 | ||
| 003 | CL-VaPUC | ||
| 008 | 960315e19600000CL |||||||||||||||||spa|d | ||
| 082 | 0 | 4 | |a 618.92 |b SCH |2 21 |
| 100 | 0 | |a Schwarzenberg, Otto |e author |9 355080 | |
| 700 | 0 | |a Romero, Hernán |e author |9 355081 | |
| 245 | 1 | 3 | |a El niño |
| 300 | |a 191 p | ||
| 942 | |c BK | ||
| 945 | |d 19960315 00:00:00 |a lriquelm | ||
| 260 | |a Santiago |b Zig-Zag |c 1960 | ||
| 650 | 0 | |a Niños |9 255605 | |
| 650 | 7 | |a SALUD E HIGIENE |2 CL-VaPUC |9 307452 | |
| 650 | 0 | |a Pediatría |9 309397 | |
| 650 | 0 | |a Enfermedades |9 263059 | |
| 650 | 0 | |a Nutrición |9 259434 | |
| 650 | 7 | |a EDUCACION SANITARIA |2 CL-VaPUC |9 339099 | |
| 583 | |a last modification |c 19960315 00:00:00 |k Rodrigo Vera | ||
| 999 | |c 245046 |d 245044 | ||
| 952 | |0 0 |1 0 |4 0 |6 618_920000000000000_SCH_1960 |7 0 |8 P |9 259391 |a BIBEDU |b BIBEDU |c BIBEDU_PB |d 2019-11-19 |i 1631284 |o 618.92 SCH 1960 |p 1631284 |r 2024-01-25 |w 2019-11-19 |y BK |k EDU | ||